00370nam a2200145 a 4500001000400000003000900004008004100013040002800054082001600082100002400098245003500122260003800157300001000195650001900205813CO-ViMGA141112s2004 ck r 000 u spa d aCO-ViMGAbspacCO-ViMGA04a512.5 G767a1 aGrossman Stanley, I10aAplicaciones de algebra lineal aMexico : bIberoAmérica, c1987 a224 p14aALGEBRA LINEAL